000 00798nam a2200217 4500
001 132971
003 ES-MaACL
005 20230906194307.0
007 t|
008 070214s1919 sp r ||||1| spa d
100 1 _aRoyo Villanova, Antonio,
_d1869-1958
_9100235
245 1 3 _aLa misión educativa del Ejército
_b: conferencia /
_cpronunciada por D. Antonio Royo Villanova el día 26 de abril de 1919 en el Centro del Ejército y de la Armada.
260 _aMadrid :
_b[s. n.],
_c1919.
300 _a36 p. ;
_c22 cm.
594 _aPrecede al tít.: Centro del Ejército y de la Armada.
650 4 _aEjército.
_9145886
710 2 _aCentro del Ejército y de la Armada (Madrid)
_9137469
852 _aES-MaACL
_j1572-F-19
852 _aES-MaACL
_j1577-F-11
999 _c132971
_d132971